000 00663nam a2200217Ia 4500
003 GCL
008 140319s9999 xx 000 0 ara d
040 _aGCL /
_cGCL
082 0 4 _a921.1
_bع ش
100 1 _aعادل الغضبان
245 1 0 _aالشيخ نجيب الحداد 1899-1867 /
_cعادل الغضبان
260 _a[S.N] :
_bدار المعارف ،
_c1983
300 _a111 ص
490 _aنوابغ الفكر العربى
_v0
650 0 4 _aالتراجم الادبية
650 0 4 _aالتراجم
650 0 4 _aالشعراء
650 0 4 _aالفلاسفة المسلمون
650 0 4 _aنجيب الحداد
942 _2ddc
_cBK
999 _c28441
_d28441